| 000 | 00804cam a22002532 4500 | ||
|---|---|---|---|
| 999 |
_c17367 _d17367 |
||
| 001 | 0000009092 | ||
| 003 | OSt | ||
| 005 | 20190115111021.0 | ||
| 008 | 080902s xx 000 0 eng d | ||
| 020 | _a0199669868 | ||
| 040 |
_aKABU _cKABU |
||
| 050 |
_aKD313 _b.D53 2009 c. 1 |
||
| 245 | 1 | 2 |
_aA Dictionary of law / _cedited by Jonathan Law |
| 250 | _a7th ed. | ||
| 260 |
_aOxford : _bO.U.P., _c2009 |
||
| 300 | _a595p. | ||
| 650 | 0 |
_aLaw _vDictionaries |
|
| 700 | 1 | _aLaw, Jonathan | |
| 908 | _a080902 | ||
| 942 |
_2lcc _cBK _e7th ed. _hKD313 _i.D53 2009 c. 1 |
||